000 00791cam a22002175a 4500
001 L158347
008 150114s2014 xxk f 000 0 eng d
035 _a(Sirsi) u158347
041 0 _aeng
110 2 _aKnight Frank
_91530
245 0 0 _aGlobal vineyard index 2014
_h[electronic resource]
260 _aLondon
_bKnight Frank
_c2014
520 _aTracks the price performance of lifestyle vineyards across 14 key winemaking regions around the world. Excludes small hobby producers and larger commercial enterprises
590 _aKA
650 2 4 _aVINEYARDS
651 4 _aInternational
690 _aCommercial property
_96227
690 _aLand use
_96251
856 4 0 _uhttps://www.knightfrank.com/research/
_zView the item free of charge from the www.knightfrank.com.
942 _n0
999 _c115273
_d115273